Central Library OPAC University of Rajshahi

Arabian studies / (Record no. 25158)

MARC details
000 -LEADER
fixed length control field 00882cam a22002772a 4500
001 - CONTROL NUMBER
control field 25158
003 - CONTROL NUMBER IDENTIFIER
rucl marc code BD-RjUL
005 - DATE AND TIME OF LATEST TRANSACTION
control field 20211209050835.0
008 - FIXED-LENGTH DATA ELEMENTS--GENERAL INFORMATION
fixed length control field 140316s1975 enk xzp 0 0 a0eng d
020 ## - INTERNATIONAL STANDARD BOOK NUMBER
International Standard Book Number 0903983400
035 ## - SYSTEM CONTROL NUMBER
System control number (BD-RjUL)25227
040 ## - CATALOGING SOURCE
Original cataloging agency NSD
Transcribing agency NSD
Modifying agency BD-RjUL
Language of cataloging eng
041 ## - LANGUAGE CODE
Language code of text/sound track or separate title eng
082 00 - DEWEY DECIMAL CLASSIFICATION NUMBER
Classification number 953
Author mark and year ARA 1976
Edition number 23
245 10 - TITLE STATEMENT
Title Arabian studies /
Statement of responsibility, etc. edited by R. B. Serjeant and R. L. Bidwell.
260 ## - PUBLICATION, DISTRIBUTION, ETC. (IMPRINT)
Place of publication, distribution, etc. London :
Name of publisher, distributor, etc. C. Hurst ;
Place of publication, distribution, etc. Totowa, N.J :
Name of publisher, distributor, etc. Rowman and Littlefield,
Date of publication, distribution, etc. c1975-1974-1976
300 ## - PHYSICAL DESCRIPTION
Pagination V. :
Illustrations ill. ;
Size 24 cm.
505 0# - FORMATTED CONTENTS NOTE
Formatted contents note Vol. 1 -- v. 2 -- v. 3
651 #0 - SUBJECT ADDED ENTRY--GEOGRAPHIC NAME
Geographic name Arabian Peninsula.
9 (RLIN) 77386
700 1# - ADDED ENTRY--PERSONAL NAME
Personal name Serjeant, R. B.
Personal name Bidwell, R. L.
710 2# - ADDED ENTRY--CORPORATE NAME
Corporate name or jurisdiction name as entry element University of Cambridge.
Subordinate unit Middle East Centre.
9 (RLIN) 77388
830 #0 - SERIES ADDED ENTRY--UNIFORM TITLE
Uniform title University of Cambridge oriental publications
942 ## - ADDED ENTRY ELEMENTS (KOHA)
Source of classification or shelving scheme Dewey Decimal Classification
Koha item type Books
Holdings
Lost status Source of classification or shelving scheme Damaged status Not for loan Collection code Permanent Location Current Location Shelving location Date acquired Source of acquisition Cost, normal purchase price Total Checkouts Full call number Date last seen Copy number Koha item type
  Dewey Decimal Classification     Non-fiction Central Library, University of Rajshahi Central Library, University of Rajshahi Reading Room 05/10/1979 W. Heffers and Sons 11.25   953 ARA V-2 1975 16/03/2014 C-2 Books
  Dewey Decimal Classification   Not For Loan Non-fiction Central Library, University of Rajshahi Central Library, University of Rajshahi Reading Room 05/10/1979 Helfers 9.50   953 ARA V-3 1976 08/02/2017 C-1 Books
  Dewey Decimal Classification   Not For Loan Non-fiction Central Library, University of Rajshahi Central Library, University of Rajshahi Reading Room 05/10/1979 Helfers 9.50   953 ARA V-1 1974 08/02/2017 C-1 Books